000 00397nam a22001457a 4500
999 _c7717
_d7715
005 20210322113801.0
008 210322b ||||| |||| 00| 0 eng d
082 _a346.066
100 _aAIYAR, A.N.
_96466
245 _aCOMPANY CASES THE CORPORATE LAW WEEKLY [VOL-201]
260 _aCHENNAI
_bCOMPANY LAW INSTITUTE OF INDIA
_c2017
300 _a732, I-XXXII,p
650 _aLAW
_95701
942 _cJRL